000 00704nam a2200181 i 4500
001 43334
003 ES-MaACL
005 20230906160756.0
007 t|
008 030317s1913 cu b ||||1| spa d
110 1 _aCuba.
_bCámara de Representantes.
_bBiblioteca.
_9161303
245 1 0 _aCatálogo de las obras que forman su biblioteca :
_bsecciones de hacienda pública y de comercio y transporte /
_cCámara de Representantes.
260 _aHabana :
_b[s.n.],
_c1913 (
_fImp. Suárez, Carasa y Cª)
300 _a1 v. (pág. var.) ;
_c28 cm.
610 1 4 _aCuba.
_bCámara de Representantes.
_bBiblioteca-
_vCatálogos.
_9161304
651 4 _aCuba-
_vBibliografías.
_9161305
852 _aES-MaACL
_jF-737
999 _c43334
_d43334